Municípios da Região Metropolitana de São Paulo no mapa - Statistics

Estatísticas Gerais
  • Esse quiz foi jogado 8 795 vezes
  • A pontuação média é 17 de 39
Respostas no mapa
Respostas codificadas por cores de uma escala verde-vermelha no mapa do quiz de acordo com a % correta abaixo.
 
Estatísticas das Respostas
Município % Correto
São Paulo
98%
Guarulhos
82%
Osasco
80%
São Bernardo do Campo
79%
Santo André
77%
São Caetano do Sul
74%
Diadema
70%
Mogi das Cruzes
56%
Barueri
55%
Mauá
53%
Suzano
49%
Embu das Artes
48%
Cotia
46%
Taboão da Serra
43%
Itaquaquecetuba
42%
Carapicuíba
39%
Itapevi
37%
Poá
37%
Ferraz de Vasconcelos
36%
Ribeirão Pires
36%
Franco da Rocha
34%
Caieiras
33%
Arujá
32%
Itapecerica da Serra
32%
Mairiporã
32%
Cajamar
31%
Francisco Morato
31%
Jandira
31%
Rio Grande da Serra
31%
Santana de Parnaíba
30%
Embu-Guaçu
29%
Santa Isabel
26%
Guararema
23%
Salesópolis
23%
Vargem Grande Paulista
21%
Biritiba Mirim
20%
Juquitiba
20%
Pirapora do Bom Jesus
20%
São Lourenço da Serra
19%
Nenhum quiz correspondente encontrado
Distribuição das Pontuações
Porcentagem de Pessoas com Cada Pontuação
Percentil de Números Respondidos
Sua Pontuação Histórica
Você não jogou esse quiz